01165nab a22002657a 4500003000400000005001700004008004100021040000700062100003500069245011600104260004200220300001300262500003700275505019900312505008900511650002000600650002500620650003000645650002500675650002700700650002200727650001200749700002300761773011500784OSt20260201145512.0190506c xxu||||| |||| 00| 0 spa d cPJ aCarbonero, Natalia Jacqueline 10aRelación de dependencia desde una perspectiva histórica /cNatalia Jacqueline Carbonero, Federico Savizki.  aBuenos Aires :bAbeledoPerrot,c2023. ap. 14-17 aCita: TR LALEY AR/DOC/1462/2023  aSumario: I. Antecedentes históricos del trabajo y evolución.— II. Hacia una noción de dependencia.— III. Análisis de los fallos de la CSJN "Cairone" y "Rica".— IV. Bibliografía.  t¿Te interesa el texto completo? Comunicate al correo: koha@justierradelfuego.gov.ar 0aDERECHO LABORAL 0aRELACIONES LABORALES 0aRELACIÓN DE DEPENDENCIA 0aRELACIONES LABORALES 0aDISCRIMINACION LABORAL 0aVIOLENCIA LABORAL 0aMOBBING aSavizki, Federico 0 02751dBuenos Aires : AbeledoPerrot, 2013-tRevista de derecho laboral y seguridad social. Nº 15- Agosto 2023